01882nam a22003614a 4500001001200000003000800012006001900020007001500039008004100054010001700095016002000112020003500132020003800167040002100205035002100226050002200247082001500269100003200284245008900316260005400405300003600459490001500495504005100510505055400561533015201115650002501267655002901292700002401321710001701345830001501362856012601377999001701503ebr10308097CaPaEBRm u cr cn|||||||||051223s2006 maua sb 001 0 eng  z 20050376467 z1012641602DNLM z0727918508 (pbk. : alk. paper) z9780727918505 (pbk. : alk. paper) aCaPaEBRcCaPaEBR a(OCoLC)41664236714aR858b.S85 2006eb04a610.282221 aSullivan, Frankq(Frank M.)10aABC of health informaticsh[electronic resource] /cFrank Sullivan, Jeremy C. Wyatt. aMalden, Mass. :bBMJ Books/Blackwell Pub.,c2006. avii, 46 p. :bill. (some col.).1 aABC series aIncludes bibliographical references and index.0 aWhat is health information? -- Is a consultation needed? -- Why is this patient here today? -- How decision support tools help define clinical problems -- How computers can help to share understanding with patients -- How informatics tools help deal with patients' problems -- How computers help make efficient use of consultations -- Referral or follow-up? -- Keeping up: learning in the workplace -- Improving services with informatics tools -- Communication and navigation around the healthcare system -- eHealth and the future: promise or peril? aElectronic reproduction.bPalo Alto, Calif. :cebrary,d2013.nAvailable via World Wide Web.nAccess may be limited to ebrary affiliated libraries. 0aMedical informatics. 7aElectronic books.2local1 aWyatt, J.q(Jeremy)2 aebrary, Inc. 0aSeria ABC.40uhttp://site.ebrary.com/lib/rucke/Doc?id=10308097zAn electronic book accessible through the World Wide Web; click to view c61499d61499